000 00524 a2200205 4500
005 20260214111252.0
008 260212b |||||||| |||| 00| 0 eng d
020 _a9789357056458
_cRs. 640.00
040 _aMAIN
082 _a320.3
_bS23C
100 _aSharma, Chetna
245 _aComparative political analysis
260 _bPearson
_c2024
_aNoida
300 _axxi, 418
650 _aPolitical Science
650 _aComparative Politics
650 _aPolitical Analysis
700 _aPushpa Singh
942 _cBK
999 _c395287
_d395287